| 000 | 00401nam a2200157Ia 4500 | ||
|---|---|---|---|
| 008 | 230711s9999||||xx |||||||||||||| ||und|| | ||
| 041 | _aENG | ||
| 082 |
_a621.381 _bNO-E |
||
| 100 | _aHarry N. Norton | ||
| 245 | 0 | _aElectronic analysis instruments | |
| 250 | _a5th Ed. | ||
| 260 |
_c1992 _aNew Delhi _bPHI Learning Private Limited |
||
| 300 | _a205 | ||
| 650 | _aElectronics Engineering | ||
| 942 | _cBK | ||
| 999 |
_c1708 _d1708 |
||